| 000 | 00881nam a2200229 a 4500 | ||
|---|---|---|---|
| 001 | 53569 | ||
| 003 | BD-RjUL | ||
| 005 | 20211209080002.0 | ||
| 008 | 161018s1940 ii ||||| |||| 00| 0 ben d | ||
| 020 | _c: IRs 1.50 | ||
| 035 | _a(BD-RjUL)53691 | ||
| 040 |
_aBD-RjUL _bben _cBD-RjUL |
||
| 041 | _aben | ||
| 082 |
_223 _a891.4409 _bSEA 1940 |
||
| 100 |
_aসেন, প্রিয়রঞ্জন _9160089 |
||
| 245 | 1 | 0 |
_aআমাদের সাহিত্য / _cপ্রিয়রঞ্জন সেন |
| 260 |
_aকলিকাতা : _bভারতী-ভবন, _c১৯৪০ [১৩৪৭] |
||
| 300 |
_a[৮], ১৯৯ পৃ. ; _c১৭ সেমি. |
||
| 650 |
_aবাংলা সাহিত্য _xইতিহাস ও সমালোচনা _9160090 |
||
| 650 |
_aBengali Literature _xHistory & Criticism _9160091 |
||
| 942 |
_2ddc _cRAR |
||
| 999 |
_c53569 _d53569 |
||